| 000 | 00963nac a22002777a 4500 | ||
|---|---|---|---|
| 001 | BR9301882 | ||
| 003 | BR-BrBNA | ||
| 005 | 20240105121454.0 | ||
| 008 | 230509b bl.|||m| |||| 00| 0 por d | ||
| 040 |
_aBR-BrBNA _bpor _cBiblioteca Nacional de Agricultura |
||
| 072 | _aP40 | ||
| 090 | _a0430 BR9301882 | ||
| 100 | 1 | _aSandanielo, A. | |
| 100 | 1 | _aArantes, E.M. | |
| 110 | 1 |
_aEmpresa de Pesquisa Agropecuaria do Estado de Mato Grosso S.A., Cuiaba (Brasil) _94113 |
|
| 245 | 1 | _aZoneamento climatico para o algodoeiro herbaceo na regiao sudoeste do Estado de Mato Grosso | |
| 260 | 3 |
_aCuiaba, MT (Brasil): _c1987. |
|
| 300 | _a19 p. | ||
| 490 |
_aDocumentos - Empresa de Pesquisa Agropecuaria do Estado de Mato Grosso S.A. (Brazil) _vno. 4 _xISSN 0102-2423 |
||
| 500 | _a12 ref. | ||
| 650 | _aAlgodao Herbaceo | ||
| 650 | _aZoneamento Climatico | ||
| 650 | _aMato Grosso | ||
| 909 |
_a202312 _bLúcia Elande _c55 _dLúcia Elande |
||
| 942 |
_2AGRIS _n0 _cMS |
||
| 999 |
_c285512 _d285512 |
||